00375nam a2200145Ia 4500008004100000020001500041041001200056082001600068100001300084245005500097260003500152300000800187650001500195700001900210221030s9999 xx 000 0 und d a812190417X aEnglish a105.23bBri aBrij Lal 0aHeat & Thermodynamicscby Brij Lal, N. Subrahmanya bS. Chand & CoaNew Delhic2001 a508 aMechanical aN. Subrahmanya